01650nam a2200373 a 4500001001000000003000500010005001700015008004100032010001100073011001100084040000900095090001000104100004900114245015100163260004100314500006000355502016200415590004000577590004000617590004000657590004000697650002700737650002400764650002300788650004900811650002800860856007000888901000700958942001000965942000600975999001900981952014001000952013601140000111404CHAP20220329144209.0150407s2014 mx a fsm |||||||spa d a107866 a108838 cCHAP aTesis1 aGonzález Rangel, María del Carmen94932410aResilience evaluation to overloading feed disturbance in thermophilic anaerobic digestionh[En línea]cpor María del Carmen González Rangel. aChapingo, Méx. :bEl autor,c2014. aPara ver el contenido del material haga clic en la liga aTesis (Maestro en Ingeniería Agrícola y uso Integral del Agua) -- UACH. Departamento de Ingeniería Mecánica Agrícola y Departamento de Irrigación aE6096MTMb05c20150407lUCH01h1500 aE6096MTMb05c20150407lUCH01h1501 aE6096MTMb05c20150408lUCH01h1304 aE6096MTMb05c20150415lUCH01h092214aAguas residuales9258314aDigestión.93256714aDigestores.93256914aMateria orgánicaxDescomposición.97293214aMicroorganismos.975519 aFinding aiduhttp://10.13.5.2/tesis/sist111404.pdfzTeclea aquí aBK cTESIS n0 c107866d107866 00102local4053708TESISaBCbBCcPA_TESISd2015-04-08fTESISl0oTesisp33724002481040r2019-12-31 00:00:00tc.2w2019-12-31yTESIS 00104054718TESISaBCbBCd2015-04-08fTESISl0oTesisp33724002481082r2019-12-31 00:00:00w2019-12-31yTESISzRecien adquirido